Central Library OPAC University of Rajshahi
Normal view MARC view

Entry Personal Name

Number of records used in: 2

001 - CONTROL NUMBER

  • control field: 9829

003 - CONTROL NUMBER IDENTIFIER

  • control field: BD-RjUL

005 - DATE AND TIME OF LATEST TRANSACTION

  • control field: 20231101113337.0

008 - FIXED-LENGTH DATA ELEMENTS

  • fixed length control field: 231101|| aca||aabn | a|a d

040 ## - CATALOGING SOURCE

  • Original cataloging agency: BD-RjUL
  • Transcribing agency: BD-RjUL

100 ## - HEADING--PERSONAL NAME

  • Personal name: Rubin, David S

670 ## - SOURCE DATA FOUND

  • Source citation: Work cat.: (BD-RjUL)82220: Levin, Richard I. 9827, Statistics for management /, c2017, [Impression 2022]